000 00379nam a2200145Ia 4500
008 230711s9999||||xx |||||||||||||| ||und||
041 _aENG
082 _a527
_bKA-S
100 _aKaranagh A
245 0 _aSurveying principles and application
250 _a7th Ed.
260 _c1989
_aNew Jersy
_bPrentice-Hall of India Private Limited
650 _aCivil Engineering
942 _cBK
999 _c564
_d564